[Event "127th NZ Congress Major 2020"]
[Site "Tauranga"]
[Date "2020.01.21"]
[Round "8.3"]
[White "Perrin, Brent"]
[Black "Gold, Hamish"]
[Result "1-0"]
[WhiteElo "1804"]
[BlackElo "1683"]
[Annotator "NA RC"]
[PlyCount "85"]
[EventDate "2020.01.14"]
[EventType "swiss"]
[EventCountry "NZL"]
[SourceTitle "playchess.com"]
[Source "ChessBase"]
[SourceQuality "1"]
[TimeControl "40/5400+30:1800+30"]

{[%evp 14,65,15,32767,32767,32767,32767,-6,32767,8,29,16,29,20,33,33,38,24,60,32767,55,66,59,58,70,27,64,66,158,157,153,168,168,193,167,183,195,127,127,127,126,124,123,119,122,116,120,118,115,110,32767,32767,32767,122]} 1. e4 {[%emt 0:00:00]} c5 {[%emt 0:00:26]} 2. c3 {[%emt 0:00:09]} d5 {[%emt 0:00:53]} 3. exd5 {[%emt 0:00:07]} Qxd5 {[%emt 0:00:17]} 4. d4 {[%emt 0:00:09]} Nf6 {[%emt 0:01:23]} 5. Nf3 {[%emt 0:01:09]} Bg4 {[%emt 0:00:58]} 6. Be2 {[%emt 0:00:23]} Nc6 {[%emt 0:01:26]} 7. Be3 {[%emt 0:00:37]} e6 {[%emt 0:03:49]} 8. O-O {[%emt 0:02:32]} Be7 {[%emt 0:01:01] B22: Sicilian: 2 c3} 9. Na3 {[%emt 0:11:31]} cxd4 {[%emt 0:02:26]} 10. Nb5 {[%emt 0:05:59]} Qd7 {[%emt 0:05:17]} 11. Nbxd4 {[%emt 0:00:53]} Nxd4 {[%emt 0:03:49]} 12. Bxd4 {[%emt 0:02:07]} O-O {[%emt 0:06:27]} 13. h3 {[%emt 0:11:25]} Bxf3 $146 {[%emt 0:04:11]} ({Predecessor:} 13... Bh5 14. Ne5 Bxe2 15. Nxd7 Bxd1 16. Nxf6+ gxf6 17. Raxd1 {0-1 (75) Richter,K (2120)-Schebler,G (2450) Dortmund 1998}) 14. Bxf3 {[%emt 0:00:23]} Qc7 {[%emt 0:06:38]} 15. Qe2 {[%emt 0:05:23]} a6 {[%emt 0:02:54]} 16. Rfd1 {[%emt 0:02:53]} Rad8 {[%emt 0:04:07]} 17. a4 {[%emt 0:03:27]} Rd7 {[%emt 0:08:21]} 18. a5 {[%emt 0:01:31]} Nd5 {[%emt 0:06:55]} 19. Be4 {[%emt 0:11:24]} ({White should play} 19. c4 $16 Nb4 20. Be5 Rxd1+ 21. Rxd1) 19... Nf6 {[%emt 0:08:52]} 20. Bb6 {[%emt 0:01:40]} Qb8 {[%emt 0:05:34]} (20... Rxd1+ $14 21. Rxd1 Qc8) 21. Rxd7 {[%emt 0:00:59]} Nxd7 {[%emt 0:00:14] [#]} 22. Bxh7+ $1 {[%emt 0:04:21]} Kxh7 {[%emt 0:02:54]} 23. Qd3+ {[%emt 0:00:12] Double Attack} Kg8 {[%emt 0:00:28]} 24. Qxd7 {[%emt 0:00:08]} Bg5 {[%emt 0:02:09]} 25. Qc7 {[%emt 0:06:42]} Qxc7 {[%emt 0:00:55]} 26. Bxc7 {[%emt 0:00:06]} Rc8 {[%emt 0:00:14]} 27. Bb6 {[%emt 0:00:21]} Kf8 {[%emt 0:02:45]} 28. Rd1 {[%emt 0:00:28]} Ke7 {[%emt 0:00:27]} 29. f3 {[%emt 0:00:30]} Bf4 {[%emt 0:00:46]} 30. Kf1 {[%emt 0:02:49]} Bd6 {[%emt 0:01:27]} 31. Rd3 {[%emt 0:03:23]} Kd7 {[%emt 0:00:52]} 32. Ke2 {[%emt 0:01:14]} Kc6 {[%emt 0:03:07]} 33. b4 $16 {[%emt 0:01:38]} Rh8 {[%emt 0:03:36]} 34. Bd4 {[%emt 0:05:56]} e5 {[%emt 0:01:24]} 35. Bf2 {[%emt 0:00:23]} f5 {[%emt 0:01:14]} 36. Be1 {[%emt 0:01:35]} Re8 {[%emt 0:01:36]} 37. c4 {[%emt 0:01:30]} e4 {[%emt 0:00:31]} 38. Rd1 {[%emt 0:06:58]} e3 {[%emt 0:02:57]} 39. Rd5 {[%emt 0:03:48]} f4 {[%emt 0:00:35]} 40. Rg5 {[%emt 0:00:00]} Re7 {[%emt 0:00:00]} 41. Bc3 {[%emt 0:04:55]} Rd7 {[%emt 0:03:06]} 42. Rg6 {[%emt 0:02:11]} Kc7 {[%emt 0:00:40]} 43. c5 {[%emt 0:02:48]} 1-0

[Event "127th NZ Congress Major 2020"]
[Site "Tauranga"]
[Date "2020.01.21"]
[Round "8.4"]
[White "Zhang, Boyuan"]
[Black "Dai, Oliver"]
[Result "0-1"]
[WhiteElo "1588"]
[BlackElo "1737"]
[Annotator "NA RC"]
[PlyCount "64"]
[EventDate "2020.01.14"]
[EventType "swiss"]
[EventCountry "NZL"]
[SourceTitle "playchess.com"]
[Source "ChessBase"]
[SourceQuality "1"]
[TimeControl "40/5400+30:1800+30"]

1. e4 {[%emt 0:00:01]} c6 {[%emt 0:00:00]} 2. Nc3 {[%emt 0:00:00]} d5 {[%emt 0:00:00]} 3. Nf3 {[%emt 0:00:00]} Bg4 {[%emt 0:00:00]} 4. h3 {[%emt 0:00:22]} Bxf3 {[%emt 0:00:00]} 5. Qxf3 {[%emt 0:01:06]} e6 {[%emt 0:00:09]} 6. exd5 {[%emt 0:03:15]} cxd5 {[%emt 0:02:06]} 7. Bb5+ {[%emt 0:03:45]} Nc6 {[%emt 0:00:22]} 8. O-O {[%emt 0:02:00]} Nf6 {[%emt 0:00:48]} 9. d4 {[%emt 0:04:06]} Be7 {[%emt 0:00:31]} 10. Ne2 {[%emt 0:03:56]} O-O {[%emt 0:00:28]} 11. c3 {[%emt 0:00:39]} a6 {[%emt 0:03:10]} 12. Bxc6 {[%emt 0:06:15]} bxc6 {[%emt 0:00:06]} 13. Bg5 {[%emt 0:01:58]} Rb8 {[%emt 0:02:01]} 14. Rfb1 {[%emt 0:09:25]} a5 {[%emt 0:04:20]} 15. Nf4 {[%emt 0:08:30]} Ne4 {[%emt 0:02:30]} 16. Bxe7 {[%emt 0:01:27]} Qxe7 {[%emt 0:00:05]} 17. Qe3 {[%emt 0:01:07]} Rb6 {[%emt 0:07:48]} 18. f3 {[%emt 0:03:57]} Nd6 {[%emt 0:00:39]} 19. b3 {[%emt 0:03:43]} Nf5 {[%emt 0:07:12]} 20. Qe1 {[%emt 0:04:04]} Qf6 {[%emt 0:04:23]} 21. Nd3 {[%emt 0:01:29]} Rb5 {[%emt 0:02:56]} 22. Ne5 {[%emt 0:02:41]} Rc8 {[%emt 0:05:23]} 23. a4 {[%emt 0:02:17]} Rb7 {[%emt 0:00:10]} 24. b4 {[%emt 0:03:22]} axb4 {[%emt 0:02:04]} 25. Qf2 {[%emt 0:05:46]} Qe7 {[%emt 0:02:54]} 26. Qb2 {[%emt 0:03:00]} c5 {[%emt 0:05:03]} 27. Nd3 {[%emt 0:01:45]} cxd4 {[%emt 0:01:52]} 28. cxd4 {[%emt 0:00:15]} Rc4 {[%emt 0:04:12]} 29. Nc5 {[%emt 0:01:36]} Rb8 {[%emt 0:02:59]} 30. Nb3 {[%emt 0:01:10]} Qf6 {[%emt 0:01:57]} 31. Rd1 {[%emt 0:01:32]} Ne3 {[%emt 0:00:25]} 32. Rd3 {[%emt 0:01:16]} Rc2 {[%emt 0:01:15]} 0-1

[Event "127th NZ Congress Major 2020"]
[Site "Tauranga"]
[Date "2020.01.21"]
[Round "8.5"]
[White "Henry, Paul"]
[Black "Taylor, Stephan James"]
[Result "1-0"]
[WhiteElo "2375"]
[BlackElo "1528"]
[Annotator "TA"]
[PlyCount "57"]
[EventDate "2020.01.14"]
[EventType "swiss"]
[EventCountry "NZL"]
[SourceTitle "playchess.com"]
[Source "ChessBase"]
[SourceQuality "1"]

{[%evp 11,57,16,21,20,27,29,35,29,50,56,101,85,137,110,146,139,187,185,214,195,234,224,215,102,103,-31,-1,-25,37,-84,-94,-104,-95,-160,-37,-38,-39,-102,-63,-81,-12,-12,-13,0,42,34,864,868]} 1. c4 f5 2. g3 d6 3. Bg2 Nf6 4. Nc3 e5 5. e3 Be7 6. Nge2 O-O 7. O-O {A21: English Opening: 1...e5 2 Nc3} Kh8 (7... c6 8. d3 Na6 9. f4 Qe8 10. b3 Bd8 11. Qd2 Bb6 12. Na4 Bc7 13. Bb2 Bd7 14. Rae1 Rd8 15. h3 b5 16. cxb5 cxb5 {1-0 (52) Oparin,G (2609)-Vitiugov,N (2730) Satka 2018}) 8. b3 Qe8 9. d3 {White is slightly better.} Bd8 $146 ({Predecessor:} 9... Nc6 10. a3 a5 11. d4 Qg6 12. Nd5 Bd8 13. Bb2 e4 14. Ndf4 Qf7 15. d5 {½-½ (24) Feldman,A (2024)-Prosviriakov,V (2232) London 2015}) 10. Ba3 g5 11. Qd2 Rg8 (11... Qh5 $142) 12. Bb2 Qg6 13. f4 gxf4 14. exf4 h5 15. Nd5 Nbd7 16. Nxf6 Bxf6 17. Bd5 (17. fxe5 $18 {is the precise move to win.} Nxe5 18. d4) 17... Rg7 $16 18. Kf2 (18. fxe5 $16 dxe5 19. d4) 18... c6 19. Bg2 Nc5 (19... e4 $11) 20. b4 (20. fxe5 $14 {stays ahead.} dxe5 21. d4 Ne4+ 22. Bxe4) 20... Na4 $17 21. Rab1 Nxb2 22. Qxb2 (22. Rxb2 $142 h4 23. Rb3) 22... exf4 (22... h4 $17 23. Qd2 Bd7) 23. Nxf4 $15 Qg5 24. Qc1 (24. Qe2 $15) 24... Bd4+ 25. Ke1 Re7+ (25... Bd7 $17) 26. Kd1 $11 Bd7 27. Bf3 Rae8 28. Bxh5 {[#] Threatens to win with Ng6+.} Rf8 $2 {[%mdl 8192]} (28... Rg8 $14) 29. Ng6+ {[%mdl 64] Discovered Attack. Accuracy: White = 47%, Black = 11%.} 1-0

[Event "127th NZ Congress Major 2020"]
[Site "Tauranga"]
[Date "2020.01.22"]
[Round "9.1"]
[White "Henry, Paul"]
[Black "Patterson, Miles"]
[Result "1/2-1/2"]
[WhiteElo "2375"]
[BlackElo "1954"]
[Annotator "TA"]
[PlyCount "120"]
[EventDate "2020.01.14"]
[EventType "swiss"]
[EventCountry "NZL"]
[SourceTitle "playchess.com"]
[Source "ChessBase"]
[SourceQuality "1"]

{[%evp 13,120,0,-7,-10,1,0,5,-36,-18,-17,-12,-32,-7,-16,35,-45,0,-44,-35,-43,0,0,48,-56,14,0,16,0,340,16,46,46,46,48,51,50,51,49,55,49,53,54,62,57,61,42,37,25,33,21,24,16,24,9,8,0,0,0,11,0,10,0,8,0,1,0,7,0,14,6,62,62,62,66,76,77,100,93,83,103,119,96,137,172,137,141,134,111,139,135,234,221,94,94,134,199,76,8,8,12,750,247,119,0,0,0,0,0,0]} 1. c4 e5 2. g3 Nc6 3. Bg2 g6 4. Nc3 Bg7 5. Nf3 d6 6. O-O Nge7 7. Rb1 O-O 8. b4 {A25: English Opening vs King's Indian with ...Nc6 but without early d3} a6 9. a3 $146 ({Predecessor:} 9. d3 Rb8 10. a4 a5 11. b5 Nb4 12. Bg5 f6 13. Bd2 c5 14. Ne1 b6 15. Nc2 Be6 {0-1 (54) Thiede,L (2437)-Seirawan,Y (2620) Berlin 2015}) 9... Rb8 10. b5 axb5 11. cxb5 Nd4 12. e3 Ne6 13. a4 b6 (13... Re8 $11) 14. Ne1 (14. d4 $14) 14... Nc5 15. e4 Be6 16. Ba3 Nb7 17. Nc2 f5 18. d3 (18. d4 $14) 18... fxe4 ({Black should try} 18... f4 $1 $15) 19. dxe4 Na5 20. Ne3 Nc4 $2 {[%mdl 8192]} (20... Rf7 $11 {and Black has nothing to worry.}) 21. Bc1 $2 (21. Qb3 $18) 21... Nxe3 22. Bxe3 Ra8 23. Qc2 Qd7 24. Rfc1 Ra7 25. Rb4 Kh8 26. Bf1 Ng8 27. Bc4 Nf6 28. Bxe6 Qxe6 29. Nd1 Qh3 30. f3 Ng4 31. Qg2 Qxg2+ 32. Kxg2 Nxe3+ 33. Nxe3 {aiming for Nd5.} Bh6 34. Rc3 (34. Kf2 {keeps more tension.} Bxe3+ 35. Kxe3 g5 36. Rbc4 Rf7 37. Rf1) 34... Bxe3 35. Rxe3 $11 {[%mdl 4096] Endgame KRR-KRR} Kg7 36. Rc3 Kf6 37. Kf2 Ke6 38. Ke3 Rfa8 39. Rcc4 Rf8 40. f4 Rf7 41. Rc6 exf4+ ({Black should play} 41... h6 $11) 42. gxf4 $14 Kd7 43. Rd4 Ke7 44. Rdc4 Kd8 45. e5 dxe5 46. fxe5 Rf1 47. Ke4 $1 Ra1 48. Kd5 R1xa4 49. Ke6 $1 Rxc4 50. Rxc4 $16 {Threatens to win with Rf4. KR-KR} Ra2 51. Rf4 {[%cal Rf4f8]} Ke8 (51... c5 $16 {is a better defense.}) 52. Rf7 Rxh2 53. Rxc7 {[%cal Rc7c8]} Kd8 54. Rd7+ $1 {[%mdl 1024] White has strong compensation.} Kc8 55. Rd6 (55. Rg7 $16) 55... h5 $11 56. Kf7 {And now e6 would win.} Rf2+ $2 {[%mdl 8192] [#]} (56... h4 $11) 57. Rf6 $1 $18 {[%cal Rf6f2]} Re2 {[#]} 58. Rc6+ (58. e6 $1 $16 Kc7 59. Rf1 (59. Rxg6 h4 $11)) 58... Kd8 $11 {The position is equal.} 59. Rd6+ Kc7 60. Rc6+ Kd8 {Accuracy: White = 50%, Black = 40%.} 1/2-1/2

[Event "127th NZ Congress Major 2020"]
[Site "Tauranga"]
[Date "2020.01.22"]
[Round "9.2"]
[White "Tang, Hao"]
[Black "Pakenham, John"]
[Result "1-0"]
[WhiteElo "1624"]
[BlackElo "1624"]
[Annotator "NA RC"]
[PlyCount "75"]
[EventDate "2020.01.14"]
[EventType "swiss"]
[EventCountry "NZL"]
[SourceTitle "playchess.com"]
[Source "ChessBase"]
[SourceQuality "1"]
[TimeControl "40/5400+30:1800+30"]

1. d4 {[%emt 1:30:30]} e6 {[%emt 0:00:00]} 2. Nf3 {[%emt 0:00:00]} f5 {[%emt 0:00:11]} 3. Bf4 {[%emt 0:00:00]} Nf6 {[%emt 0:00:39]} 4. e3 {[%emt 0:00:00]} b6 {[%emt 0:01:10]} 5. Be2 {[%emt 0:00:00]} Bb7 {[%emt 0:00:43]} 6. O-O {[%emt 0:00:00]} Be7 {[%emt 0:02:02]} 7. h3 {[%emt 0:00:00]} O-O {[%emt 0:00:55]} 8. c4 {[%emt 0:00:00]} Na6 {[%emt 0:03:39]} 9. a3 {[%emt 0:00:00]} c5 {[%emt 0:03:30]} 10. Nc3 {[%emt 0:00:00]} Nc7 {[%emt 0:03:43]} 11. Ne5 {[%emt 0:00:00]} d6 {[%emt 0:01:42]} 12. Nf3 {[%emt 0:00:00]} Qd7 {[%emt 0:00:51]} 13. dxc5 {[%emt 0:00:00]} bxc5 {[%emt 0:00:47]} 14. b4 {[%emt 0:00:00]} cxb4 {[%emt 0:01:23]} 15. axb4 {[%emt 0:00:00]} a6 {[%emt 0:02:16]} 16. Qb3 {[%emt 0:00:00]} Kh8 {[%emt 0:00:53]} 17. Rfd1 {[%emt 0:00:00]} Bxf3 {[%emt 0:06:04]} 18. Bxf3 {[%emt 0:00:00]} Rab8 {[%emt 0:00:37]} 19. c5 {[%emt 0:00:00]} d5 {[%emt 0:02:02]} 20. Na4 {[%emt 0:00:00]} Qc6 {[%emt 0:09:23]} 21. Nb6 {[%emt 0:00:00]} Nfe8 {[%emt 0:04:51]} 22. Be2 {[%emt 0:00:00]} Bf6 {[%emt 0:01:52]} 23. Ra5 {[%emt 0:00:00]} e5 {[%emt 0:00:50]} 24. Bh2 {[%emt 0:00:00]} Rd8 {[%emt 0:01:02]} 25. Bxa6 {[%emt 0:00:00]} Nxa6 {[%emt 0:01:23]} 26. Rxa6 {[%emt 0:00:00]} Nc7 {[%emt 0:00:17]} 27. Ra2 {[%emt 0:00:00]} d4 {[%emt 0:02:30]} 28. exd4 {[%emt 0:00:00]} exd4 {[%emt 0:01:07]} 29. Qd3 {[%emt 0:00:00]} Nb5 {[%emt 0:01:14]} 30. Rc1 {[%emt 0:00:00]} g6 {[%emt 0:00:36]} 31. Nc4 {[%emt 0:00:00]} Rfe8 {[%emt 0:01:12]} 32. Nd6 {[%emt 0:00:00]} Nxd6 {[%emt 0:00:44]} 33. Bxd6 {[%emt 0:00:00]} Rxd6 {[%emt 0:00:33]} 34. b5 {[%emt 0:00:00]} Qc8 {[%emt 0:02:52]} 35. c6 {[%emt 0:01:17]} Bd8 {[%emt 0:01:24]} 36. c7 {[%emt 0:03:04]} Bf6 {[%emt 0:02:50]} 37. Rac2 {[%emt 0:04:26]} Qb7 {[%emt 0:02:28]} 38. c8=Q {[%emt 0:01:21]} 1-0

[Event "127th NZ Congress Major 2020"]
[Site "Tauranga"]
[Date "2020.01.22"]
[Round "9.3"]
[White "Ashe, Michael"]
[Black "Perrin, Brent"]
[Result "0-1"]
[WhiteElo "1460"]
[BlackElo "1804"]
[Annotator "NA RC"]
[PlyCount "83"]
[EventDate "2020.01.14"]
[EventType "swiss"]
[EventCountry "NZL"]
[SourceTitle "playchess.com"]
[Source "ChessBase"]
[SourceQuality "1"]
[TimeControl "40/5400+30:1800+30"]

{[%evp 8,83,19,5,32767,32767,8,32767,17,8,40,16,42,28,35,44,43,42,70,32767,81,-103,-86,-98,-118,-94,-101,-171,-174,-180,-161,-160,-158,-165,-160,-152,-151,-164,-177,-170,-162,-160,-162,-161,-141,-169,-147,-150,-147,-141,32767,-142,-106,32767,-124,32767,-213,-227,-234,-232,-154,-150,-169,-227,-190,-188,-211,-635,-697,-807,-896,-4778,-886,-1372,-568,-2103,-5699,-5152]} 1. d4 {[%emt 0:00:00]} e6 {[%emt 0:00:00]} 2. c4 {[%emt 0:00:00]} f5 {[%emt 0:00:00]} 3. Nc3 {[%emt 0:00:00]} Nf6 {[%emt 0:00:15]} 4. f3 {[%emt 0:00:08]} Bb4 {[%emt 0:01:57]} (4... d5 5. Bg5 Be7 6. e3 O-O 7. Bd3 c5 8. Nge2 Nc6 9. a3 cxd4 10. exd4 e5 11. O-O exd4 12. Bxf6 dxc3 13. Bxc3 {1-0 (50) Ivanisevic,I (2662)-Rombaldoni,A (2518) Bergamo 2015}) 5. Bd2 {[%emt 0:00:15]} O-O {[%emt 0:02:27]} 6. a3 {[%emt 0:00:05] A85: Dutch Defence: 2 c4 Nf6 3 Nc3} Bxc3 {[%emt 0:01:52]} 7. Bxc3 {[%emt 0:00:10]} b6 {[%emt 0:04:04]} 8. e3 {[%emt 0:00:19]} Bb7 {[%emt 0:01:33]} 9. Qd2 {[%emt 0:01:03]} d5 $146 {[%emt 0:03:10]} ({Predecessor:} 9... a5 10. Nh3 a4 11. Bd3 Nc6 12. O-O {1-0 (35) Kempinski,R (2528)-Grabarczyk,B (2394) Plock 2000}) 10. Nh3 {[%emt 0:02:45]} Nbd7 {[%emt 0:02:27]} 11. Bd3 {[%emt 0:02:14]} c5 {[%emt 0:02:08]} 12. O-O {[%emt 0:02:05]} Qc7 {[%emt 0:05:33]} 13. Nf4 {[%emt 0:04:48]} Rae8 {[%emt 0:00:52]} 14. b4 $2 {[%emt 0:05:06]} (14. Rac1 $16) 14... cxd4 {[%emt 0:09:27]} 15. exd4 {[%emt 0:04:12]} dxc4 {[%emt 0:00:58]} 16. Bc2 {[%emt 0:03:38]} Nd5 {[%emt 0:01:10]} 17. Ne2 {[%emt 0:02:45]} (17. Nxd5 $17 Bxd5 18. Rfe1) 17... b5 {[%emt 0:00:50]} 18. Bb2 {[%emt 0:05:48]} N7f6 {[%emt 0:02:26]} 19. Nc3 {[%emt 0:01:57]} Qd7 {[%emt 0:03:10]} 20. Rfe1 {[%emt 0:03:53]} a6 {[%emt 0:03:50]} 21. Re5 {[%emt 0:04:49]} Qd6 {[%emt 0:06:04]} 22. Ree1 {[%emt 0:04:02]} Nxc3 {[%emt 0:02:50]} 23. Bxc3 {[%emt 0:00:23]} Nd5 {[%emt 0:00:50]} 24. Re5 {[%emt 0:01:44]} Rd8 {[%emt 0:02:00]} 25. Rae1 {[%emt 0:05:16]} Nxc3 {[%emt 0:15:39]} 26. Qxc3 {[%emt 0:00:34]} Qxd4+ {[%emt 0:05:11]} 27. Qxd4 {[%emt 0:00:10]} Rxd4 {[%emt 0:00:05]} 28. Rxe6 {[%emt 0:00:36]} Bc8 {[%emt 0:01:11]} 29. Re7 {[%emt 0:02:28]} Rd7 {[%emt 0:01:08]} 30. R7e5 {[%emt 0:04:09]} g6 {[%emt 0:00:24]} 31. a4 {[%emt 0:01:06]} Rd2 {[%emt 0:04:26]} 32. R1e2 {[%emt 0:02:58] [#]} Rxe2 $1 {[%emt 0:00:39]} 33. Rxe2 {[%emt 0:00:07]} Kf7 {[%emt 0:00:17]} 34. axb5 {[%emt 0:00:56]} axb5 {[%emt 0:00:19]} 35. f4 {[%emt 0:01:16]} (35. Kf1 {keeps fighting.}) 35... Rd8 {[%emt 0:01:20]} 36. g3 {[%emt 0:00:40]} Rd4 {[%emt 0:01:16]} 37. Re5 $2 {[%emt 0:02:18]} (37. Kf1) 37... Rd2 {[%emt 0:01:46]} 38. Bxf5 {[%emt 0:02:24]} Bxf5 {[%emt 0:00:50]} 39. Rxb5 {[%emt 0:00:14]} Rb2 $19 {[%emt 0:00:27]} (39... c3 $142 40. Rc5 c2 41. Rc7+ Rd7 42. Rxc2 Bxc2) 40. Rb7+ {[%emt 0:00:00]} Kg8 {[%emt 0:00:00]} 41. b5 {[%emt 0:01:21]} (41. Rc7 $142 Be6 42. h4) 41... c3 {[%emt 0:01:01]} 42. Rb6 {[%emt 1:02:18]} 0-1

[Event "127th NZ Congress Major 2020"]
[Site "Tauranga"]
[Date "2020.01.22"]
[Round "9.4"]
[White "Dai, Oliver"]
[Black "Chen, Matthew"]
[Result "1-0"]
[WhiteElo "1737"]
[BlackElo "1596"]
[Annotator "NA"]
[PlyCount "115"]
[EventDate "2020.01.14"]
[EventType "swiss"]
[EventCountry "NZL"]
[SourceTitle "playchess.com"]
[Source "ChessBase"]
[SourceQuality "1"]
[TimeControl "40/5400+30:1800+30"]

1. e4 {[%emt 0:00:00]} c5 {[%emt 0:00:00]} 2. Nf3 {[%emt 0:00:00]} e6 {[%emt 0:00:00]} 3. Bd3 {[%emt 0:00:00]} a6 {[%emt 0:00:00]} 4. O-O {[%emt 0:00:04]} Nc6 {[%emt 0:00:00]} 5. c3 {[%emt 0:00:24]} Nf6 {[%emt 0:00:00]} 6. Bc2 {[%emt 0:00:13]} d6 {[%emt 0:00:00]} 7. Re1 {[%emt 0:00:55]} Be7 {[%emt 0:00:44]} 8. d4 {[%emt 0:01:14]} cxd4 {[%emt 0:00:29]} 9. cxd4 {[%emt 0:00:23]} e5 {[%emt 0:01:16]} 10. d5 {[%emt 0:01:39]} Na7 {[%emt 0:01:19]} 11. Nc3 {[%emt 0:01:02]} b5 {[%emt 0:01:37]} 12. h3 {[%emt 0:01:47]} a5 {[%emt 0:01:28]} 13. Be3 {[%emt 0:01:28]} Bd7 {[%emt 0:00:44]} 14. Qe2 {[%emt 0:05:09]} b4 {[%emt 0:02:26]} 15. Bxa7 {[%emt 0:04:54]} Rxa7 {[%emt 0:00:37]} 16. Nd1 {[%emt 0:00:58]} O-O {[%emt 0:01:21]} 17. b3 {[%emt 0:01:33]} Qb6 {[%emt 0:01:04]} 18. Nb2 {[%emt 0:01:24]} Bb5 {[%emt 0:01:10]} 19. Bd3 {[%emt 0:00:14]} Bxd3 {[%emt 0:01:56]} 20. Qxd3 {[%emt 0:00:12]} Rc8 {[%emt 0:00:23]} 21. Na4 {[%emt 0:02:55]} Qc7 {[%emt 0:01:09]} 22. Nd2 {[%emt 0:01:42]} Nd7 {[%emt 0:02:02]} 23. Nc4 {[%emt 0:06:32]} Nc5 {[%emt 0:01:12]} 24. Nxc5 {[%emt 0:00:05]} Qxc5 {[%emt 0:00:11]} 25. Qe3 {[%emt 0:01:30]} Qxe3 {[%emt 0:05:48]} 26. fxe3 {[%emt 0:02:28]} Rc5 {[%emt 0:03:37]} 27. g3 {[%emt 0:00:47]} f5 {[%emt 0:02:17]} 28. exf5 {[%emt 0:01:02]} Rxd5 {[%emt 0:00:08]} 29. Rad1 {[%emt 0:00:33]} Rc5 {[%emt 0:03:39]} 30. Re2 {[%emt 0:01:35]} Rc6 {[%emt 0:01:34]} 31. Red2 {[%emt 0:01:21]} Raa6 {[%emt 0:01:55]} 32. Kf2 {[%emt 0:00:33]} a4 {[%emt 0:00:43]} 33. h4 {[%emt 0:01:11]} axb3 {[%emt 1:05:41]} 34. axb3 Ra3 {[%emt 0:00:00]} 35. Nxa3 {[%emt 0:00:37]} bxa3 {[%emt 0:00:00]} 36. Ra2 {[%emt 0:00:32]} Ra6 {[%emt 0:00:00]} 37. Rd5 {[%emt 0:00:13]} Bf6 {[%emt 0:00:00]} 38. e4 {[%emt 0:00:08]} Kf7 {[%emt 0:00:00]} 39. b4 {[%emt 0:00:14]} Ra4 {[%emt 0:00:00]} 40. Rb5 {[%emt 0:00:41]} Be7 {[%emt 0:00:00]} 41. Ke3 {[%emt 0:02:29]} d5 {[%emt 0:00:00]} 42. Rxd5 {[%emt 0:00:24]} Bxb4 {[%emt 0:00:00]} 43. Rxe5 {[%emt 0:00:23]} Be1 {[%emt 0:00:00]} 44. Kf3 {[%emt 0:00:46]} Bc3 {[%emt 0:00:00]} 45. Rc5 {[%emt 0:00:32]} Bb2 {[%emt 0:00:00]} 46. Rb5 {[%emt 0:00:13]} Bc1 {[%emt 0:00:00]} 47. Rb1 {[%emt 0:00:19]} Rc4 {[%emt 0:00:00]} 48. Rxc1 {[%emt 0:00:11]} Rxc1 {[%emt 0:00:00]} 49. Rxa3 {[%emt 0:00:06]} Rf1+ {[%emt 0:00:00]} 50. Kg4 {[%emt 0:00:57]} Re1 {[%emt 0:00:00]} 51. Kf4 {[%emt 0:00:24]} Kf6 {[%emt 0:00:00]} 52. e5+ {[%emt 0:00:48]} Kf7 {[%emt 0:00:00]} 53. Ra7+ {[%emt 0:00:37]} Kf8 {[%emt 0:00:00]} 54. g4 {[%emt 0:00:40]} Rf1+ {[%emt 0:00:00]} 55. Ke4 {[%emt 0:00:47]} Rg1 {[%emt 0:00:00]} 56. Kd5 {[%emt 0:00:19]} Rxg4 {[%emt 0:00:00]} 57. Ke6 {[%emt 0:00:03]} g6 {[%emt 0:00:00]} 58. f6 {[%emt 0:00:06]} 1-0

[Event "127th NZ Congress Major 2020"]
[Site "Tauranga"]
[Date "2020.01.22"]
[Round "9.5"]
[White "Gold, Hamish"]
[Black "Zhang, Boyuan"]
[Result "0-1"]
[WhiteElo "1683"]
[BlackElo "1588"]
[Annotator "NA RC"]
[PlyCount "76"]
[EventDate "2020.01.14"]
[EventType "swiss"]
[EventCountry "NZL"]
[SourceTitle "playchess.com"]
[Source "ChessBase"]
[SourceQuality "1"]
[TimeControl "40/5400+30:1800+30"]

1. d4 {[%emt 0:00:00]} d5 {[%emt 0:00:00]} 2. Bf4 {[%emt 0:00:00]} Nf6 {[%emt 0:00:00]} 3. e3 {[%emt 0:00:15]} e6 {[%emt 0:00:00]} 4. c3 {[%emt 0:00:26]} c5 {[%emt 0:00:10]} 5. Bd3 {[%emt 0:01:23]} Nc6 {[%emt 0:00:24]} 6. Nf3 {[%emt 0:01:23]} Bd6 {[%emt 0:00:45]} 7. Bg3 {[%emt 0:01:04]} O-O {[%emt 0:00:20]} 8. Nbd2 {[%emt 0:00:21]} b6 {[%emt 0:00:34]} 9. Ne5 {[%emt 0:00:35]} Bb7 {[%emt 0:01:15]} 10. Ng4 {[%emt 0:02:54]} Be7 {[%emt 0:11:40]} 11. Nxf6+ {[%emt 0:04:51]} Bxf6 {[%emt 0:00:14]} 12. h4 {[%emt 0:01:28]} h6 {[%emt 0:03:11]} 13. Bf4 {[%emt 0:07:06]} e5 {[%emt 0:01:50]} 14. dxe5 {[%emt 0:05:17]} Bxe5 {[%emt 0:04:57]} 15. Qg4 {[%emt 0:02:54]} Qf6 {[%emt 0:02:02]} 16. Bg5 {[%emt 0:07:25]} Bc8 {[%emt 0:08:41]} 17. Qh5 {[%emt 0:03:49]} Qe6 {[%emt 0:02:50]} 18. Qf3 {[%emt 0:07:03]} Bd6 {[%emt 0:10:53]} 19. Bc2 {[%emt 0:04:46]} Ne5 {[%emt 0:07:45]} 20. Qe2 {[%emt 0:00:51]} a5 {[%emt 0:05:58]} 21. Bf4 {[%emt 0:17:41]} Ba6 {[%emt 0:01:31]} 22. c4 {[%emt 0:01:16]} dxc4 {[%emt 0:06:10]} 23. Bxe5 {[%emt 0:03:55]} c3 {[%emt 0:02:18]} 24. Bxc3 {[%emt 0:00:57]} Bxe2 {[%emt 0:00:23]} 25. Kxe2 {[%emt 0:00:06]} Be5 {[%emt 0:01:55]} 26. Bb3 {[%emt 0:00:29]} Qg4+ {[%emt 0:02:40]} 27. Kf1 {[%emt 0:00:14]} Bxc3 {[%emt 0:00:40]} 28. bxc3 {[%emt 0:00:06]} Qg6 {[%emt 0:01:27]} 29. e4 {[%emt 0:00:56]} Rad8 {[%emt 0:02:58]} 30. Bd5 {[%emt 0:00:59]} Rxd5 {[%emt 0:01:06]} 31. exd5 {[%emt 0:00:13]} Qd3+ {[%emt 0:00:04]} 32. Kg1 {[%emt 0:00:27]} Qxd2 {[%emt 0:00:16]} 33. Rb1 {[%emt 0:00:09]} Qxa2 {[%emt 0:01:08]} 34. Rxb6 {[%emt 0:00:12]} Qxd5 {[%emt 0:00:06]} 35. Rh3 {[%emt 0:00:17]} Re8 {[%emt 0:00:48]} 36. Rg3 {[%emt 0:00:11]} a4 {[%emt 0:01:07]} 37. Rxh6 {[%emt 0:00:15]} a3 {[%emt 0:02:57]} 38. Ra6 {[%emt 0:26:46]} Ra8 {[%emt 0:01:23]} 0-1